000 00749nam a2200289Ia 4500
005 20260324144944.0
008 008 260324s9999 xx 000 0 eng d
020 _a9781003573647
037 _aEBOOK
040 _aCRL
040 _beng
040 _cCRL
041 _2eng
041 _aeng
084 _qCRL
100 _aThomas Ramdahl; Alf Bjorseth
_91221229
245 0 _aHandbook of Polycyclic Aromatic Hydrocarbons
245 0 _bEmission Sources and Recent Progress in Analytical Chemistry--Volume 2:
260 _bTaylor and Francis
260 _c1985
365 _a
365 _b240
856 _uhttp://www.taylorfrancis.com/books/9781003573647
942 _cEBOOK
999 _c1828490
_d1828490